| 000 -LEADER |
| fixed length control field |
00635nam a22002297a 4500 |
| 001 - CONTROL NUMBER |
| control field |
15610 |
| 003 - CONTROL NUMBER IDENTIFIER |
| control field |
BD-DhUAP |
| 005 - DATE AND TIME OF LATEST TRANSACTION |
| control field |
20200212105818.0 |
| 008 - FIXED-LENGTH DATA ELEMENTS--GENERAL INFORMATION |
| fixed length control field |
200212s20102006ii ||||| |||| 001 0 eng d |
| 020 ## - INTERNATIONAL STANDARD BOOK NUMBER |
| International Standard Book Number |
8170129400 |
| 040 ## - CATALOGING SOURCE |
| Original cataloging agency |
BD-DhUAP |
| Language of cataloging |
Eng |
| Transcribing agency |
BD-DhUAP |
| Modifying agency |
BD-DhUAP |
| 082 ## - DEWEY DECIMAL CLASSIFICATION NUMBER |
| Edition number |
23 |
| Classification number |
347.5406 SAR |
| 100 ## - MAIN ENTRY--PERSONAL NAME |
| Personal name |
Sarathi, Vepa P. |
| 245 ## - TITLE STATEMENT |
| Title |
Law of evidence / |
| Statement of responsibility, etc. |
Vepa P. Sarathi. |
| 250 ## - EDITION STATEMENT |
| Edition statement |
6th ed. |
| 260 ## - PUBLICATION, DISTRIBUTION, ETC. |
| Place of publication, distribution, etc. |
New Delhi : |
| Name of publisher, distributor, etc. |
Eastern book co., |
| Date of publication, distribution, etc. |
c2006 [Reprinted 2010]. |
| 300 ## - PHYSICAL DESCRIPTION |
| Extent |
lxxxiii, 396 pages ; |
| Dimensions |
24 cm. |
| 501 ## - WITH NOTE |
| With note |
Includes index. |
| 650 ## - SUBJECT ADDED ENTRY--TOPICAL TERM |
| Topical term or geographic name entry element |
Indian Evidence Act. |
| 650 ## - SUBJECT ADDED ENTRY--TOPICAL TERM |
| Topical term or geographic name entry element |
Evidence (Law). |
| 942 ## - ADDED ENTRY ELEMENTS (KOHA) |
| Source of classification or shelving scheme |
|
| Koha item type |
Book |